ptérosaure, rapaces et oiseaux les plus grand en envergure - Statistiques

Statistiques générales
  • Ce quiz a été pris 29 fois
  • Le résultat moyen est 10 sur 59
Statistiques - réponses
Hint Réponse % Correct
2.34m aigle royal
67%
2.6m vautour fauve
62%
3.2m condor des andes
57%
7m pteranodon
57%
12m quetzalcoatlus
57%
3m gypaete barbu
43%
2.9m vautour moine
43%
1.3m faucon
38%
3.4m albatros hurleur
33%
2.3m grue cendrée
33%
7m pelagornis
33%
1.3m buse variable
29%
12m hatzegopteryx
29%
7m argentavis
24%
1m corneille
19%
1.5m dimorphodon
19%
1.65m flamant rose
19%
1.7m harfang des neiges
19%
1.85m héron cendré
19%
1.9m hibou grand duc
19%
75cm pterodactylus
19%
3m tapejara
19%
1.1m chouette effraie
14%
1.85m circaete
14%
2.4m cygne tuberculé
14%
1.3m grand corbeau
14%
2.24m harpie féroce
14%
1.95m milan royal
14%
72cm pigeon
14%
8m tropeognathus
14%
5m tupandactylus
14%
6m alanqa
10%
1.15m ara bleu
10%
60cm épervier
10%
75cm eudimorphodon
10%
3.4m pelican frisé
10%
62cm pie bavarde
10%
3m pterodaustro
10%
2m rhamphorhynchus
10%
4.5m thalassodromeus
10%
11m arambourgiania
5%
1.16m busard cendré
5%
2.15m cigogne blanche
5%
1.05m mouette rieuse
5%
1.85m oie sauvage
5%
1m scaphognathus
5%
2m serpentaire
5%
5.5m tupuxuara
5%
4.80m aerotitan
0%
1.4m canard de pekin
0%
6m coloborhynchus
0%
1m darwinopterus
0%
3m dsungaripterus
0%
1.6m goéland argentée
0%
2.7m grande outarde
0%
5m ornitocheirus
0%
75cm poule
0%
2.4m pygargue à queue et tête blanche
0%
3.5m zhejiangopterus
0%
Aucun quiz correspondant
Distribution des résultats
% des personnes avec chaque résultat
Percentile par nombre de réponses
Votre historique - résultats
Vous n’avez pas pris ce quiz